<?xml version="1.0" encoding="UTF-8"?><?xml-stylesheet type="text/xsl" href="static/style.xsl"?><OAI-PMH xmlns="http://www.openarchives.org/OAI/2.0/" xmlns:xsi="http://www.w3.org/2001/XMLSchema-instance" xsi:schemaLocation="http://www.openarchives.org/OAI/2.0/ http://www.openarchives.org/OAI/2.0/OAI-PMH.xsd"><responseDate>2026-04-14T06:11:35Z</responseDate><request verb="GetRecord" identifier="oai:www.recercat.cat:2072/476969" metadataPrefix="marc">https://recercat.cat/oai/request</request><GetRecord><record><header><identifier>oai:recercat.cat:2072/476969</identifier><datestamp>2025-05-08T15:48:27Z</datestamp><setSpec>com_2072_98</setSpec><setSpec>col_2072_378192</setSpec></header><metadata><record xmlns="http://www.loc.gov/MARC21/slim" xmlns:dcterms="http://purl.org/dc/terms/" xmlns:xsi="http://www.w3.org/2001/XMLSchema-instance" xmlns:doc="http://www.lyncode.com/xoai" xsi:schemaLocation="http://www.loc.gov/MARC21/slim http://www.loc.gov/standards/marcxml/schema/MARC21slim.xsd">
   <leader>00925njm 22002777a 4500</leader>
   <datafield ind2=" " ind1=" " tag="042">
      <subfield code="a">dc</subfield>
   </datafield>
   <datafield ind2=" " ind1=" " tag="720">
      <subfield code="a">Dooly Owenby, Melinda</subfield>
      <subfield code="e">author</subfield>
   </datafield>
   <datafield ind2=" " ind1=" " tag="720">
      <subfield code="a">Masats i Viladoms, M. Dolors (Maria Dolors)</subfield>
      <subfield code="e">author</subfield>
   </datafield>
   <datafield ind2=" " ind1=" " tag="260">
      <subfield code="c">2015</subfield>
   </datafield>
   <datafield ind2=" " ind1=" " tag="520">
      <subfield code="a">This state-of-the-art review provides a critical overview of research publications in Spain in the last ten years in three areas of teaching and learning foreign languages (especially English): context and language integrated learning (CLIL), young language learners (YLL), and technology-enhanced language learning (TELL). These three domains have been selected for their relevance to current education policies and practices in Spain. This review aims to provide access for international readers to research published in Spain in the local languages or in English, within these innovative fields.</subfield>
   </datafield>
   <datafield ind2=" " ind1=" " tag="520">
      <subfield code="a">El presente artículo ofrece una mirada crítica a las investigaciones en torno a la enseñanza y aprendizaje de lenguas extranjeras en España en los últimos diez años. Este estado de la cuestión presta especial atención al inglés y aborda tres ejes que tienen gran relevancia en las actuales políticas educativas y las prácticas docentes en España: la introducción temprana de una lengua extranjera, el aprendizaje integrado de contenidos y lenguas extranjeras (AICLE) y el aprendizaje de lenguas asistido por ordenador (ALAO). Este artículo pretende divulgar internacionalmente los estudios publicados en el ámbito nacional, en inglés y en las lenguas vernáculas, en estas áreas de innovación.</subfield>
   </datafield>
   <datafield tag="653" ind2=" " ind1=" ">
      <subfield code="a">Teaching foreign languages</subfield>
   </datafield>
   <datafield tag="653" ind2=" " ind1=" ">
      <subfield code="a">Learning foreign languages</subfield>
   </datafield>
   <datafield tag="653" ind2=" " ind1=" ">
      <subfield code="a">Language integrated learning</subfield>
   </datafield>
   <datafield tag="653" ind2=" " ind1=" ">
      <subfield code="a">Spain</subfield>
   </datafield>
   <datafield tag="653" ind2=" " ind1=" ">
      <subfield code="a">Young language learners</subfield>
   </datafield>
   <datafield tag="653" ind2=" " ind1=" ">
      <subfield code="a">Technology-enhanced language learning</subfield>
   </datafield>
   <datafield tag="653" ind2=" " ind1=" ">
      <subfield code="a">Enseñanza de lenguas extranjeras</subfield>
   </datafield>
   <datafield tag="653" ind2=" " ind1=" ">
      <subfield code="a">Aprendizaje de lenguas extranjeras</subfield>
   </datafield>
   <datafield tag="653" ind2=" " ind1=" ">
      <subfield code="a">España</subfield>
   </datafield>
   <datafield tag="653" ind2=" " ind1=" ">
      <subfield code="a">Aprendizaje integrado de contenidos y lenguas extranjeras</subfield>
   </datafield>
   <datafield tag="653" ind2=" " ind1=" ">
      <subfield code="a">Aprendizaje de lenguas asistido por ordenador</subfield>
   </datafield>
   <datafield ind2="0" ind1="0" tag="245">
      <subfield code="a">A critical appraisal of foreign language research in content and language integrated learning, young language learners, and technology-enhanced language learning published in Spain (2003-2012)</subfield>
   </datafield>
</record></metadata></record></GetRecord></OAI-PMH>